000 00531nam a22001697a 4500
005 20260413153750.0
008 260413b |||||||| |||| 00| 0 eng d
020 _a9789697834716
040 _cPK-LaNCA
082 _a027
_bNAD
100 _aNadeem Omar Tarar
245 _aThe colonial and national formations of the National College of Arts, Lahore: circa 1870s to 1960, de-scripting the archive
260 _aFolio Books
_bLahore
_c2024
300 _axiv, 238p.; ills
650 _aNCA - Archives, NCA - History
942 _cBK
999 _c67209
_d67209